000 00683nam a2200181Ia 4500
003 GCL
008 140319s9999 xx 000 0 ara d
040 _aGCL /
_cGCL
082 0 4 _a217
_bا ر
100 1 _aاشرف عبدالمقصود عبدالرحيم
245 1 0 _aالرسالة البنوكية /
_cاشرف عبدالمقصود عبدالرحيم
700 1 _aابن قيم الجوزية: شمس الدين ابو عبدالله محمد بن ابى بكر
260 _a[S.N] :
_bمكتبة الامام البخارى ،
_c1987
300 _a88ص
490 _aزاد المهاجر الى ربه
_v0
650 0 4 _aالدعوة الاسلامية
942 _2ddc
_cBK
999 _c51710
_d51710